000 00747nam a2200229 4500
003 OSt
005 20240626031708.0
006 a
008 240626b |||||||| |||| 00| 0 eng d
020 _a9780470924297
040 _aDWCL-HMN lib.
_cOC
082 _aCirc. 612 T712p 2011
_2Thirteenth edition
100 _aTortora, Gerald J.
245 _aPrinciples of anatomy & Physiology volume 2 : maintenance and continuity of the human body /
250 _aThirteenth edition
260 _aN.J. :
_bJohn Wiley & Sons, Inc. ,
_cc2011.
300 _axxvi,
_b(various paging) : col. ill. ;
_c28 cm.
504 _aIncludes index.
650 _a1. Human anatomy.
650 _a2. Physiology.
942 _2ddc
_n0
_cBK-CIRC
_kCirc.
_eThirteenth edition
999 _c1375
_d1375